00472nam a2200181 a 4500001001300000003000900013005001700022008004100039020002200080082001800102100002200120245002400142260004500166300001000211500003500221650001200256700002200268nice12345678IN_TiNIC20260116014420.0140917s2001 kola grp 000 0 eng  a818733214X c4000a294.5921bLOK aLokeshwarananda,  aVedanta in Practice aKolkata bRamakrishna Mission Pub c2001 a212p  aincludes index and biblioraphy aVedanta1 aLokeshwarananda,